LEADER 01165nam a2200277 4500 001 000000353620 003 CaOOAMICUS 005 20230615144803.0 008 230503s1979 it 000 u ita r 040 $aSeMil$bita 100 1 $aCharon, Jean Emile.$0(OLS)http://semarc/name/117508 240 12$aL'Esprit, cet inconnu.$0(OLS)http://semarc/title/443712 245 13$aLo spirito questo sconosciuto / $cJean E. Charon. 264 1$aMilano :$bArmenia,$c1979. 300 $a216 p. ;$c20 cm 490 1 $aI best-sellers del mistero 650 4$aScienza e religione.$0(OLS)http://semarc/subject/40428 650 4$aCorpo e spirito.$0(OLS)http://semarc/subject/14050 650 4$aSpirito - Parapsicologia.$0(OLS)http://semarc/subject/53920 830 2$aI best-sellers del mistero.$0(OLS)http://semarc/title/443714 850 $aSeMil 852 $aSeMil$W1$xVenegono$y1$m3X II 242$j242767$B244845$CSeMilBibl$Z2$F244845 $81 961 $aPolezzo Stefanin - Lascito 996 $6245$aLo spirito questo sconosciuto / $9(OLS)http://semarc/title/443711 996 $6264$aMilano :$bArmenia$9(OLS)http://semarc/publisher/31831 LEADER 01471nam a2200313 i 4500 001 000000072391 003 CaOOAMICUS 005 20090319000000.0 008 090319s1962 it u000 u ita u 013 $a43563 040 $aSeMil$bita 100 1 $aParkhurst, Helen.$0(OLS)http://semarc/name/35841 240 10$aEducation on the Dalton plan.$0(OLS)http://semarc/title/116669 245 12$aL'educazione secondo il piano Dalton /$cHelen Parkhurst ; [trad. di Enzo Zallone ; con una presentazione di R. Cočn e un'introduzione di T. P. Nunn]. 250 $a3. rist. 260 $aFirenze :$bLa Nuova Italia,$c1962. 300 $aXLIII, 199 p. ;$c20 cm. 490 0 $aEducatori antichi e moderni ;$v129 650 4$aDidattica - Metodi.$0(OLS)http://semarc/subject/3697 650 4$aEducazione - Piani di lavoro.$0(OLS)http://semarc/subject/14594 650 4$aLaboratori scolastici.$0(OLS)http://semarc/subject/14595 700 1 $aNunn, Thomas Percy.$0(OLS)http://semarc/name/35843 700 1 $aCočn, Renato.$0(OLS)http://semarc/name/35842 700 1 $aZallone, Enzo.$0(OLS)http://semarc/name/35839 830 0$aEducatori antichi e moderni ;$v129.$0(OLS)http://semarc/title/7224 850 $aSeMil 852 $aSeMil$W1$xVenegono$y1$m2Q I 227$j38544$B38544$CSeMilBibl$Z2$F38547 $81 996 $6245$aL'educazione secondo il piano Dalton$9(OLS)http://semarc/title/116668 996 $6260$aFirenze :$bLa Nuova Italia$9(OLS)http://semarc/publisher/30055